Geometric constructions
Salvato in:
| Autore principale: | |
|---|---|
| Natura: | Libro |
| Lingua: | inglese |
| Pubblicazione: |
Saint Louis
Webster
1963
|
| Serie: | Exploring Mathematics on Your Own
|
| Soggetti: | |
| Tags: |
Aggiungi Tag
Nessun Tag, puoi essere il primo ad aggiungerne!!
|
MARC
| LEADER | 00000nam a2200000 a 4500 | ||
|---|---|---|---|
| 001 | UCT2986 | ||
| 003 | CL-VaPUC | ||
| 008 | 961018e19630000us |||||||||||||||||eng|d | ||
| 082 | 0 | 4 | |a 516 |b NOR |2 21 |
| 100 | 0 | |a Norton, M. Scott |e author |9 372007 | |
| 245 | 1 | 0 | |a Geometric constructions |
| 300 | |a 64 p | ||
| 942 | |c BK | ||
| 945 | |d 19961018 00:00:00 |a cmena | ||
| 260 | |a Saint Louis |b Webster |c 1963 | ||
| 650 | 0 | |a Geometría |9 264063 | |
| 650 | 0 | |a Figuras geométricas |9 347994 | |
| 650 | 7 | |a CIRCULOS |2 CL-VaPUC |9 360019 | |
| 650 | 0 | |a Ángulos |9 342215 | |
| 650 | 0 | |a Geometría plana |9 265855 | |
| 650 | 7 | |a GEOMETRIA EUCLIDEA |2 CL-VaPUC |9 359752 | |
| 583 | |a last modification |c 20171221 01:57:58 |k Rodrigo Vera | ||
| 490 | 0 | |a Exploring Mathematics on Your Own | |
| 999 | |c 252856 |d 252854 | ||
| 952 | |0 0 |1 0 |4 0 |6 516_000000000000000_NOR_1963 |7 0 |8 A |9 272980 |a BIBCUR |b BIBCUR |d 2019-11-19 |i 1768174 |o 516 NOR 1963 |p 1768174 |r 2025-04-22 |w 2019-11-19 |y BK |k BCB | ||